Statistics for Europe Country Demonyms

Click here to take the quiz!

General Stats

  • This quiz has been taken 64 times
    (60 since last reset)
  • The average score is 32 of 46

Answer Stats

CountryDemonym% Correct
AlbaniaAlbanian
100%
AustriaAustrian
100%
AndorraAndorran
97%
BelarusBelarusian
94%
BelgiumBelgian
92%
CroatiaCroatian
92%
CzechiaCzech
89%
EstoniaEstonian
89%
GermanyGerman
86%
GeorgiaGeorgian
83%
GreeceGreek
83%
HungaryHungarian
83%
ItalyItalian
83%
FranceFrench
81%
IrelandIrish
81%
LatviaLatvian
81%
RomaniaRomanian
81%
RussiaRussian
81%
SlovakiaSlovakian
81%
NetherlandsDutch
78%
PolandPolish
78%
SloveniaSlovenian
78%
SpainSpanish
78%
UkraineUkrainian
78%
IcelandIcelandic
75%
LithuaniaLithuanian
75%
SerbiaSerbian
75%
CyprusCypriot
72%
SwedenSwedish
72%
United KingdomBritish
69%
MoldovaMoldovan
69%
SwitzerlandSwiss
69%
MaltaMaltese
67%
North MacedoniaMacedonian
64%
NorwayNorwegian
64%
DenmarkDane
61%
MontenegroMontenegrin
56%
PortugalPortugese
53%
MonacoMonacan
42%
FinlandFinns
39%
LuxembourgLuxembourger
39%
San MarinoSanmarinese
39%
Bosnia and HerzegovinaBosnianand Herzegovinian
28%
KosovoKosovar
22%
LiechtensteinLiechtensteiner
22%
Holy SeePapal Pontifical
8%

Score Distribution

Percentile by Number Answered

Percent of People with Each Score

Your Score History

You have not taken this quiz since the last reset